Доходные характеристики среднего класса; Перспективы науки; № 10 (49)

Dades bibliogràfiques
Parent link:Перспективы науки: научный журнал.— , 2009-
№ 10 (49).— 2013.— [С. 217-220]
Autor principal: Спесивцева А. Л. Анна Леонидовна
Autor corporatiu: Национальный исследовательский Томский политехнический университет (ТПУ) Институт социально-гуманитарных технологий (ИСГТ) Кафедра экономики (ЭКОН)
Sumari:Заглавие с экрана
Показана рольсреднего классав экономикестраны. Приведенанализ распределениянаселения повеличине среднедушевыхденежных доходов 2005–012 гг. Проанализированосоотношение доходов, заработной платыи пенсийза период 2005–012 гг. Сделанвывод осущественном разрывеи неравенствев распределенииденежных доходов, что всвою очередьнесет определенноевлияние наизменение составасреднего класса.
The paper shows the role of the middle class in the economy of the country. The paper analyzes the distribution of population by average capital income of 2005–012 years. The ratio of income, wages and pensions for the period of 2005–012 years has been analyzed. It is concluded that a significant gap and inequality in the distribution of income has an impact on the change in the composition of the middle class.
Режим доступа: по договору с организацией-держателем ресурса
Idioma:rus
Publicat: 2013
Matèries:
Accés en línia:http://moofrnk.com/assets/files/journals/science-prospects/49/science-prospect-10(49).pdf#page=217
http://elibrary.ru/item.asp?id=21182682
Format: MixedMaterials Electrònic Capítol de llibre
KOHA link:https://koha.lib.tpu.ru/cgi-bin/koha/opac-detail.pl?biblionumber=641185

MARC

LEADER 00000naa0a2200000 4500
001 641185
005 20250314143549.0
035 |a (RuTPU)RU\TPU\network\6069 
090 |a 641185 
100 |a 20150512d2013 k||y0rusy50 ca 
101 0 |a rus 
102 |a RU 
135 |a drnn ---uucaa 
181 0 |a i  
182 0 |a b 
200 1 |a Доходные характеристики среднего класса 
203 |a Текст  |c электронный 
300 |a Заглавие с экрана 
320 |a [Библиогр.: с. 219 (2 назв.)] 
330 |a Показана рольсреднего классав экономикестраны. Приведенанализ распределениянаселения повеличине среднедушевыхденежных доходов 2005–012 гг. Проанализированосоотношение доходов, заработной платыи пенсийза период 2005–012 гг. Сделанвывод осущественном разрывеи неравенствев распределенииденежных доходов, что всвою очередьнесет определенноевлияние наизменение составасреднего класса. 
330 |a The paper shows the role of the middle class in the economy of the country. The paper analyzes the distribution of population by average capital income of 2005–012 years. The ratio of income, wages and pensions for the period of 2005–012 years has been analyzed. It is concluded that a significant gap and inequality in the distribution of income has an impact on the change in the composition of the middle class. 
333 |a Режим доступа: по договору с организацией-держателем ресурса 
461 |t Перспективы науки  |o научный журнал  |d 2009- 
463 |t № 10 (49)  |v [С. 217-220]  |d 2013 
610 1 |a электронный ресурс 
610 1 |a труды учёных ТПУ 
610 1 |a неравенство 
610 1 |a разрыв 
610 1 |a средний заработок 
610 1 |a средний класс 
700 1 |a Спесивцева  |b А. Л.  |c экономист  |c аспирант, ассистент кафедры Томского политехнического университета  |f 1987-  |g Анна Леонидовна  |3 (RuTPU)RU\TPU\pers\29675  |9 14188 
712 0 2 |a Национальный исследовательский Томский политехнический университет (ТПУ)  |b Институт социально-гуманитарных технологий (ИСГТ)  |b Кафедра экономики (ЭКОН)  |3 (RuTPU)RU\TPU\col\18375 
801 2 |a RU  |b 63413507  |c 20150512  |g RCR 
856 4 |u http://moofrnk.com/assets/files/journals/science-prospects/49/science-prospect-10(49).pdf#page=217 
856 4 |u http://elibrary.ru/item.asp?id=21182682 
942 |c CF